Statistiken für Pinguinarten

Klicken Sie hier um das Quiz zu spielen!

Allgemein

  • Dieses Quiz wurde 138 mal gespielt
  • Das Durchschnittsergebnis liegt bei 9 aus 18

Antwortstatistiken

Pinguinart% Korrekt
Kaiserpinguin
100%
Königspinguin
88%
Zwergpinguin
61%
Eselspinguin
60%
Brillenpinguin
55%
Humboldtpinguin
55%
Adeliepinguin
54%
Galapagospinguin
46%
Magellanpinguin
46%
Nördlicher Felsenpinguin
45%
Südlicher Felsenpinguin
45%
Gelbaugenpinguin
40%
Goldschopfpinguin
39%
Zügelpinguin
39%
Haubenpinguin
31%
Dickschnabelpinguin
28%
Kronenpinguin
28%
Snaresinselpinguin
27%

Verteilung der Resultate

Perzentil nach korrekt beantworteten Fragen

Anzahl Personen mit jedem Resultat

Ihre Resultats-Entwicklung

Sie haben dieses Quiz noch nicht gespielt